01089caa a22001812a 4500001000900000003001100009008004300020092001700063100001800080245008300098300001400181500017100195942000900366773017200375773017200547773017300719999001500892 003838 AR-FADEU 311216n########xxu####################dd a303.44bM256 aNudler, Oscar aEl concepto de desarrollo humano y los sistemas ideológicos contemporáneos aPP. 13-44 aEN: El desarrollo humano en la sociedad contemporánea: Obstáculos y perspectivas /ed. Mallmann Carlos A. General Roca : Fundación BarilocheDe la Patagonia, 1984 cBDGR0 0966498387aMallmann, Carlos A., comp.bdGeneral Rocao5255tEl desarrollo humano en la sociedad contemporánea : obstaculos y perspectivasw( AR-FADEU) 003837xz0 0966498388aMallmann, Carlos A., comp.bdGeneral Rocao9396tEl desarrollo humano en la sociedad contemporánea : obstaculos y perspectivasw( AR-FADEU) 003837xz0 0966498389aMallmann, Carlos A., comp.bdGeneral Rocao22238tEl desarrollo humano en la sociedad contemporánea : obstaculos y perspectivasw( AR-FADEU) 003837xz c9665d9665